[Event "Balaguer op"]
[Site "?"]
[Date "2012.06.20"]
[Round "5"]
[White "Monell Camarasa, D."]
[Black "Aroshidze, L."]
[Result "1/2-1/2"]
[WhiteElo "2254"]
[BlackElo "2580"]
[PlyCount "127"]
[EventDate "2012.??.??"]
[EventType "swiss"]
[EventRounds "9"]

1. d4 g6 2. c4 Bg7 3. Nc3 c5 4. d5 d6 5. e4 e6 6. Nf3 Ne7 7. Be2 O-O 8. O-O
exd5 9. cxd5 h6 10. Bf4 g5 11. Bc1 f5 12. Nd2 Nd7 13. f4 gxf4 14. Nc4 Ne5 15.
Nxe5 Bxe5 16. Bxf4 Bxf4 17. Rxf4 Ng6 18. Rf2 f4 19. Qd2 Qg5 20. Kh1 Bd7 21. Rg1
Kh7 22. g3 fxg3 23. Qxg5 hxg5 24. Rfg2 Nf4 25. Rxg3 Nxe2 26. Nxe2 g4 27. Kg2
Rae8 28. Re3 Kh6 29. Ng3 Kg5 30. Rge1 Re5 31. Ra3 a6 32. Rc3 a5 33. Rcc1 b5 34.
Rf1 Ree8 35. Rce1 Rxf1 36. Rxf1 Kg6 37. Rf2 b4 38. Kf1 Bb5+ 39. Ke1 Bc4 40. Kd2
Bxa2 41. Rf4 Rh8 42. Rxg4+ Kf6 43. h4 a4 44. Rf4+ Ke7 45. Nf5+ Kd7 46. Rg4 Rh7
47. Rg6 Bb1 48. Rxd6+ Kc8 49. Ra6 Kb8 50. Re6 c4 51. Rb6+ Rb7 52. Rxb7+ Kxb7
53. Kc1 Bd3 54. h5 c3 55. Nd4 a3 56. bxa3 bxa3 57. e5 a2 58. Nb3 Kc8 59. h6 Kd8
60. d6 Kd7 61. Nc5+ Kc6 62. Nb3 Kd7 63. Nc5+ Kc6 64. Nb3 1/2-1/2

[Event "Balaguer op"]
[Site "?"]
[Date "2012.06.20"]
[Round "5"]
[White "Monfa Escola, R."]
[Black "Gensana Berzunces, J."]
[Result "1-0"]
[WhiteElo "1837"]
[BlackElo "2001"]
[PlyCount "69"]
[EventDate "2012.??.??"]
[EventType "swiss"]
[EventRounds "9"]

1. d3 d6 2. a3 a6 3. Nf3 e5 4. Nbd2 Nc6 5. c4 Be7 6. b4 Nd4 7. Bb2 Nxf3+ 8.
Nxf3 Nf6 9. g3 O-O 10. Bg2 e4 11. dxe4 Nxe4 12. O-O Ng5 13. Nxg5 Bxg5 14. f4
Bf6 15. Qc2 Re8 16. e4 Bxb2 17. Qxb2 Be6 18. Qc3 c6 19. f5 Bc8 20. Rad1 a5 21.
c5 axb4 22. axb4 d5 23. exd5 cxd5 24. Bxd5 Qf6 25. Qxf6 gxf6 26. Rfe1 Kf8 27.
Rxe8+ Kxe8 28. c6 Rb8 29. c7 Ra8 30. Be4 Kf8 31. Rd8+ Ke7 32. b5 Ra1+ 33. Kf2
b6 34. Rxc8 Kd7 35. Ra8 1-0

[Event "Balaguer op"]
[Site "?"]
[Date "2012.06.20"]
[Round "5"]
[White "Parramon Guillaumet, J."]
[Black "Sole Castañe, J."]
[Result "1-0"]
[WhiteElo "1873"]
[BlackElo "1656"]
[PlyCount "99"]
[EventDate "2012.??.??"]
[EventType "swiss"]
[EventRounds "9"]

1. e4 c6 2. Nf3 d6 3. d4 Nd7 4. Bc4 e5 5. dxe5 Nxe5 6. Nxe5 Qa5+ 7. Nc3 Qxe5 8.
O-O Nf6 9. Bb3 Be7 10. f4 Qh5 11. Qxh5 Nxh5 12. e5 O-O 13. Be3 g6 14. Ne4 d5
15. Ng3 Ng7 16. c3 Nf5 17. Nxf5 Bxf5 18. Rad1 a6 19. Rd2 Rad8 20. Bc2 Bxc2 21.
Rxc2 f5 22. h3 Kf7 23. g4 Ke6 24. Kg2 Rh8 25. Rf3 h6 26. Bf2 Rhg8 27. Rd3 b5
28. b4 Ra8 29. a3 a5 30. Be3 Rgc8 31. Rcd2 axb4 32. cxb4 Ra6 33. Rc2 fxg4 34.
hxg4 g5 35. f5+ Kf7 36. e6+ Kg7 37. Bd4+ Bf6 38. Bxf6+ Kxf6 39. Rxd5 cxd5 40.
Rxc8 Rxa3 41. Rf8+ Ke7 42. Rf7+ Ke8 43. Rb7 Ra2+ 44. Kf3 Ra3+ 45. Ke2 Ra2+ 46.
Ke3 Ra3+ 47. Kd4 Rg3 48. Kxd5 Rxg4 49. f6 Kd8 50. f7 1-0

[Event "Balaguer op"]
[Site "?"]
[Date "2012.06.20"]
[Round "5"]
[White "Purgimon Diaz, J."]
[Black "Fumas Fontova, E."]
[Result "1-0"]
[WhiteElo "1982"]
[BlackElo "1707"]
[PlyCount "75"]
[EventDate "2012.??.??"]
[EventType "swiss"]
[EventRounds "9"]

1. d4 f5 2. c4 e6 3. g3 Nf6 4. Bg2 Be7 5. Nh3 O-O 6. O-O d5 7. Qc2 Nc6 8. e3 b6
9. cxd5 Nb4 10. Qb3 exd5 11. Bd2 Nc6 12. Nf4 Kh8 13. Nc3 Na5 14. Qc2 c6 15. b3
g5 16. Nd3 Ba6 17. Rfc1 Bxd3 18. Qxd3 Qd7 19. Ne2 Nb7 20. f3 Rac8 21. Re1 c5
22. Rac1 Rc6 23. Nc3 Rfc8 24. Kh1 c4 25. bxc4 Rxc4 26. Bf1 Bb4 27. Ne2 Bxd2 28.
Qxd2 Rxc1 29. Nxc1 Qa4 30. Nb3 Nd6 31. e4 Nf7 32. e5 Ne8 33. Bd3 f4 34. gxf4
gxf4 35. Qxf4 Qb4 36. Rg1 Qf8 37. Qf5 Qh6 38. Qxc8 1-0

[Event "Balaguer op"]
[Site "?"]
[Date "2012.06.20"]
[Round "5"]
[White "Ramiro Ovejero, JL."]
[Black "Burmakin, V."]
[Result "0-1"]
[WhiteElo "2349"]
[BlackElo "2590"]
[PlyCount "62"]
[EventDate "2012.??.??"]
[EventType "swiss"]
[EventRounds "9"]

1. e4 c6 2. d4 d5 3. Nd2 g6 4. Ngf3 Bg7 5. h3 Nh6 6. Bd3 O-O 7. O-O f6 8. Re1
Nf7 9. c4 e6 10. b4 Re8 11. Bb2 Na6 12. Qb3 Nc7 13. Rac1 a5 14. bxa5 Rxa5 15.
a4 Ra8 16. Ba3 dxe4 17. Nxe4 Na6 18. Bb1 f5 19. Ned2 c5 20. dxc5 e5 21. Rcd1
Qa5 22. Nd4 Nxc5 23. Qg3 Nxa4 24. Nb5 Be6 25. Nb3 Qb6 26. Nd6 Red8 27. Nxf7
Bxf7 28. Be7 Rxd1 29. Rxd1 Bxc4 30. Nd2 Bf7 31. Bc2 Qc7 0-1

[Event "Balaguer op"]
[Site "?"]
[Date "2012.06.20"]
[Round "5"]
[White "Rodon Balcells, J."]
[Black "Aranzana Areste, A."]
[Result "1-0"]
[WhiteElo "1864"]
[BlackElo "2023"]
[PlyCount "64"]
[EventDate "2012.??.??"]
[EventType "swiss"]
[EventRounds "9"]

1. e4 e6 2. d4 d5 3. exd5 exd5 4. Nf3 Bd6 5. Bb5+ c6 6. Bd3 Ne7 7. O-O O-O 8.
Re1 Ng6 9. Bg5 Qc7 10. Nbd2 Na6 11. a3 Bd7 12. c4 Rfe8 13. Qc2 dxc4 14. Nxc4
Bf8 15. Nce5 Be6 16. Bxa6 bxa6 17. Rac1 Nxe5 18. dxe5 Bd5 19. Re3 a5 20. Bf4
Re6 21. Nd4 Rg6 22. Bg3 Qb6 23. Nf5 Rg4 24. Nd6 Rb8 25. h3 Rd4 26. Rb1 Ba2 27.
Qf5 g6 28. Qf3 Bxd6 29. exd6 Bxb1 30. Qf6 Rd1+ 31. Kh2 Qd8 32. Re7 Qxe7 1-0

[Event "Balaguer op"]
[Site "?"]
[Date "2012.06.20"]
[Round "5"]
[White "Roeder, M."]
[Black "Ramon Solans, A."]
[Result "1/2-1/2"]
[WhiteElo "2434"]
[BlackElo "2281"]
[PlyCount "45"]
[EventDate "2012.??.??"]
[EventType "swiss"]
[EventRounds "9"]

1. Nf3 Nf6 2. c4 g6 3. Nc3 Bg7 4. e4 d6 5. d4 O-O 6. h3 e5 7. d5 a5 8. Bg5 Na6
9. Nd2 Qe8 10. Be2 Kh8 11. h4 b6 12. h5 Nxh5 13. Bxh5 f6 14. Bxf6 Rxf6 15. Bf3
Kg8 16. Nb3 Qf7 17. Nc1 Bd7 18. Nd3 Rf8 19. Qe2 h5 20. O-O-O Bh6+ 21. Kb1 Rxf3
22. gxf3 Qxf3 23. Rdg1 1/2-1/2

[Event "Balaguer op"]
[Site "?"]
[Date "2012.06.20"]
[Round "5"]
[White "Ruiz Sanchez, O."]
[Black "Oms Pallisse, J."]
[Result "1/2-1/2"]
[WhiteElo "2416"]
[BlackElo "2461"]
[PlyCount "48"]
[EventDate "2012.??.??"]
[EventType "swiss"]
[EventRounds "9"]

1. e4 c5 2. Nf3 Nc6 3. Nc3 e5 4. Bc4 Be7 5. O-O d6 6. d3 Nf6 7. Ng5 O-O 8. f4
Bg4 9. Qe1 exf4 10. Bxf4 Nd4 11. Qd2 h6 12. Nf3 Nxf3+ 13. gxf3 Be6 14. Qg2 Kh7
15. Bxe6 fxe6 16. Qh3 Qd7 17. Bd2 Rae8 18. Kh1 Bd8 19. f4 d5 20. Qg2 Ba5 21.
Rae1 Nh5 22. Qg4 Nf6 23. Qg2 Nh5 24. Qg4 Nf6 1/2-1/2

[Event "Balaguer op"]
[Site "?"]
[Date "2012.06.20"]
[Round "5"]
[White "Segues Pons, M."]
[Black "Paul Cava, J."]
[Result "0-1"]
[WhiteElo "1778"]
[BlackElo "1722"]
[PlyCount "72"]
[EventDate "2012.??.??"]
[EventType "swiss"]
[EventRounds "9"]

1. e4 e6 2. Nf3 d5 3. exd5 exd5 4. d4 Bd6 5. Bd3 Nf6 6. Bg5 Bg4 7. O-O O-O 8.
Nbd2 c6 9. c3 Nbd7 10. Qc2 Qc7 11. Bxf6 Nxf6 12. Rfe1 Rae8 13. a4 g6 14. h3 Bd7
15. Nh4 Nh5 16. Ndf3 Nf4 17. Rad1 Nxd3 18. Qxd3 Rxe1+ 19. Rxe1 Re8 20. Rxe8+
Bxe8 21. Qe3 Qe7 22. Qd2 Qe4 23. g3 Kg7 24. g4 Bd7 25. Qg5 f6 26. Qc1 h5 27.
gxh5 Bxh3 28. hxg6 Qg4+ 29. Kh1 Bg2+ 30. Nxg2 Qxf3 31. Qe1 Qh3+ 32. Kg1 Qh2+
33. Kf1 Qh1+ 34. Ke2 Qxg2 35. Kd2 Qe4 36. Qd1 Bf4# 0-1

[Event "Balaguer op"]
[Site "?"]
[Date "2012.06.20"]
[Round "5"]
[White "Solsona Manonelles, J."]
[Black "Ferrer Font, J."]
[Result "0-1"]
[WhiteElo "1701"]
[BlackElo "1804"]
[PlyCount "84"]
[EventDate "2012.??.??"]
[EventType "swiss"]
[EventRounds "9"]

1. d4 d5 2. c4 e6 3. Nc3 Nf6 4. cxd5 exd5 5. Bf4 Be7 6. e3 c6 7. Nf3 Bf5 8. Qb3
Qb6 9. Qxb6 axb6 10. Be2 Nbd7 11. O-O O-O 12. a4 Ne4 13. Rfc1 Rfc8 14. Nxe4
Bxe4 15. Nd2 Bf5 16. h3 Bf6 17. Bf3 Be6 18. Rc2 h6 19. Bd6 c5 20. Nb3 cxd4 21.
Rxc8+ Rxc8 22. exd4 Rc4 23. Be2 Rc2 24. Bd3 Rc6 25. Bb4 Bd8 26. a5 bxa5 27.
Bxa5 Bxa5 28. Rxa5 g6 29. Nc5 Nxc5 30. dxc5 b6 31. cxb6 Rxb6 32. Rb5 Rxb5 33.
Bxb5 Kf8 34. Kf1 Ke7 35. Ke2 Kd6 36. b4 Ke5 37. Be8 Kd4 38. b5 Kc5 39. g4 g5
40. Kd2 f6 41. f3 d4 42. Bc6 Bc4 0-1

[Event "Balaguer op"]
[Site "?"]
[Date "2012.06.20"]
[Round "5"]
[White "Trepat Herranz, J."]
[Black "Cori Tello, D."]
[Result "0-1"]
[WhiteElo "2299"]
[BlackElo "2386"]
[PlyCount "62"]
[EventDate "2012.??.??"]
[EventType "swiss"]
[EventRounds "9"]

1. e4 e6 2. d4 d5 3. Nd2 Be7 4. Ngf3 Nf6 5. e5 Nfd7 6. Bd3 c5 7. c3 Nc6 8. O-O
g5 9. dxc5 g4 10. Nd4 Ndxe5 11. Bb5 Bd7 12. b4 Ng6 13. N2b3 e5 14. Nc2 Be6 15.
Na5 Qd7 16. Ne3 O-O 17. Qa4 Rac8 18. Rd1 Rfd8 19. Bb2 Qc7 20. Nxb7 Qxb7 21. Ba6
Qc7 22. Bxc8 Qxc8 23. b5 Nb8 24. c6 Bc5 25. c4 d4 26. Nd5 Bb6 27. Qb3 Bxd5 28.
cxd5 Nf4 29. a4 Qf5 30. a5 Qe4 31. f3 Qe2 0-1

[Event "Balaguer op"]
[Site "?"]
[Date "2012.06.20"]
[Round "5"]
[White "Turuguet Lopez, JL."]
[Black "Solani Nuñez, J."]
[Result "1-0"]
[WhiteElo "1932"]
[BlackElo "1626"]
[PlyCount "49"]
[EventDate "2012.??.??"]
[EventType "swiss"]
[EventRounds "9"]

1. e4 c5 2. Nf3 Nc6 3. Bb5 d6 4. Bxc6+ bxc6 5. O-O Bg4 6. h3 Bh5 7. c3 Nf6 8.
Re1 Nd7 9. d4 cxd4 10. cxd4 e6 11. Nbd2 Be7 12. Nf1 O-O 13. Ng3 Bg6 14. Bd2 Qb6
15. Qa4 Rab8 16. Bc3 Nf6 17. Nh4 Nxe4 18. Nxg6 hxg6 19. Nxe4 d5 20. Nc5 Bxc5
21. dxc5 Qxc5 22. Bd4 Qd6 23. Be5 Qb4 24. Qxb4 Rxb4 25. Bd6 1-0

[Event "Balaguer op"]
[Site "?"]
[Date "2012.06.20"]
[Round "5"]
[White "Vera Balague, G."]
[Black "Montoliu Daroca, I."]
[Result "0-1"]
[WhiteElo "2031"]
[BlackElo "1803"]
[PlyCount "76"]
[EventDate "2012.??.??"]
[EventType "swiss"]
[EventRounds "9"]

1. e4 c5 2. Nc3 Nc6 3. f4 d6 4. Nf3 g6 5. Bb5 a6 6. Bxc6+ bxc6 7. O-O Bg7 8. d3
Rb8 9. Qe1 e6 10. Rb1 Ne7 11. Be3 a5 12. Qh4 d5 13. Bd2 Qb6 14. Kh1 Qa7 15. f5
exf5 16. Bh6 O-O 17. Ng5 f6 18. Bxg7 fxg5 19. Qh6 Rf7 20. Be5 Ra8 21. Qxg5 Be6
22. g4 Raf8 23. gxf5 dxe4 24. dxe4 c4 25. Qg2 Bd7 26. Bd6 Be8 27. Rf3 Rf6 28.
Be5 R6f7 29. Rbf1 Qc5 30. Qg3 Qa7 31. Bd6 Rf6 32. fxg6 Rxf3 33. gxh7+ Kxh7 34.
Rxf3 Rxf3 35. Qxf3 Ng6 36. Qh5+ Kg8 37. Bc5 Qf7 38. Kg2 Nf4+ 0-1

[Event "Balaguer op"]
[Site "?"]
[Date "2012.06.20"]
[Round "5"]
[White "Vladimirov Savov, T."]
[Black "Sole Gonzalez, E."]
[Result "0-1"]
[WhiteElo "1737"]
[BlackElo "1539"]
[PlyCount "27"]
[EventDate "2012.??.??"]
[EventType "swiss"]
[EventRounds "9"]

1. d4 d5 2. c4 c6 3. e3 Nf6 4. Nc3 Bf5 5. Bd3 Bxd3 6. Qxd3 e6 7. Nf3 Bd6 8. e4
dxe4 9. Nxe4 Nxe4 10. Qxe4 Nd7 11. c5 Be7 12. O-O O-O 13. Re1 Nf6 14. Qd3 0-1

[Event "Balaguer op"]
[Site "?"]
[Date "2012.06.21"]
[Round "6"]
[White "Amigo Vilalta, J."]
[Black "Aloma Vidal, R."]
[Result "0-1"]
[WhiteElo "2242"]
[BlackElo "2400"]
[PlyCount "76"]
[EventDate "2012.??.??"]
[EventType "swiss"]
[EventRounds "9"]

1. d4 d5 2. c4 dxc4 3. e3 e5 4. Bxc4 exd4 5. exd4 Nf6 6. Nf3 Bd6 7. O-O O-O 8.
Nc3 Nc6 9. h3 h6 10. Re1 Re8 11. Bd2 Bf5 12. Qb3 Qd7 13. Bb5 Bxh3 14. gxh3 Qxh3
15. Ne2 Rxe2 16. Bxc6 Rxe1+ 17. Bxe1 bxc6 18. Ne5 Qh5 19. Qf3 Qxf3 20. Nxf3 Rb8
21. b3 Rb6 22. Rc1 Ra6 23. Rc2 Nd5 24. Bd2 f6 25. Nh4 Kf7 26. Kg2 g6 27. Kf3 h5
28. Ke4 Bb4 29. Be3 Nc3+ 30. Kd3 Nd5 31. f4 Bd6 32. Ke4 Rxa2 33. Rxc6 Nxe3 34.
Kxe3 Ra3 35. Rc3 a5 36. Rd3 a4 37. bxa4 Bxf4+ 38. Ke4 f5+ 0-1

[Event "Balaguer op"]
[Site "?"]
[Date "2012.06.21"]
[Round "6"]
[White "Aroshidze, L."]
[Black "Del Rey Santos, D."]
[Result "1-0"]
[WhiteElo "2580"]
[BlackElo "2391"]
[PlyCount "67"]
[EventDate "2012.??.??"]
[EventType "swiss"]
[EventRounds "9"]

1. e4 c5 2. Nf3 Nc6 3. Nc3 d6 4. d4 cxd4 5. Nxd4 e5 6. Nb3 Be7 7. Be3 Nf6 8. f3
Be6 9. Nd5 O-O 10. Qd2 Bxd5 11. exd5 Nb8 12. O-O-O Nbd7 13. Kb1 a5 14. g4 a4
15. Na1 Nb6 16. c4 Qc7 17. Qb4 Nfd7 18. Nc2 Nc5 19. Na3 Ra6 20. h4 Qd8 21. Qd2
Nbd7 22. g5 f5 23. Nb5 f4 24. Bg1 Qb8 25. Bh3 Bd8 26. Qc2 Re8 27. Bf5 Nf8 28.
Bxc5 dxc5 29. d6 g6 30. Bg4 Ne6 31. h5 Nd4 32. Qe4 Rxd6 33. hxg6 Nxb5 34. cxb5
1-0

[Event "Balaguer op"]
[Site "?"]
[Date "2012.06.21"]
[Round "6"]
[White "Casas Torres, P."]
[Black "Aryan, Ch"]
[Result "0-1"]
[WhiteElo "1611"]
[BlackElo "1985"]
[PlyCount "90"]
[EventDate "2012.??.??"]
[EventType "swiss"]
[EventRounds "9"]

1. e4 c5 2. Nf3 d6 3. g3 Nc6 4. Nc3 Nf6 5. Bg2 g6 6. O-O Bg7 7. d3 O-O 8. Ne2
d5 9. exd5 Nxd5 10. d4 cxd4 11. Nfxd4 Nxd4 12. Nxd4 Nb6 13. Nb3 Qc7 14. c3 Bd7
15. Re1 Bb5 16. Be3 Rfd8 17. Qc2 e5 18. Rad1 Bc6 19. Bf1 Nd5 20. Bc1 Ne7 21.
Bd3 b6 22. Nd2 f5 23. Bc4+ Kh8 24. Nf1 b5 25. Bb3 Qb7 26. f4 e4 27. Be3 Bd5 28.
h3 Rac8 29. Bxd5 Nxd5 30. Bd4 Nb4 31. Qf2 Bxd4 32. Rxd4 Nd3 33. Rxd8+ Rxd8 34.
Rd1 Nxf2 35. Rxd8+ Kg7 36. Kxf2 Qb6+ 37. Rd4 b4 38. Ke1 bxc3 39. Rd7+ Kf6 40.
bxc3 Qb1+ 41. Rd1 Qxa2 42. Rd6+ Ke7 43. Rd1 Qc2 44. Rd2 Qxc3 45. Ne3 Qxe3+ 0-1

[Event "Balaguer op"]
[Site "?"]
[Date "2012.06.21"]
[Round "6"]
[White "Codina Garcia, J."]
[Black "Fabrega Ramon, S."]
[Result "1-0"]
[WhiteElo "2124"]
[BlackElo "1763"]
[PlyCount "103"]
[EventDate "2012.??.??"]
[EventType "swiss"]
[EventRounds "9"]

1. d4 d5 2. Nf3 e6 3. c4 Nf6 4. Bg5 c6 5. e3 Nbd7 6. Nc3 Be7 7. Rc1 O-O 8. Bd3
Re8 9. O-O b6 10. Qc2 dxc4 11. Bxc4 Bb7 12. Rfd1 Nd5 13. Bxe7 Qxe7 14. e4 Nxc3
15. Qxc3 Nf6 16. Qe3 c5 17. Bd3 Rac8 18. dxc5 Rxc5 19. Rxc5 Qxc5 20. Qxc5 bxc5
21. Re1 Rd8 22. Bc2 h6 23. h3 Kf8 24. Re3 Bc6 25. Kf1 Ke7 26. Ke1 Rb8 27. Ne5
Rc8 28. f3 Nd7 29. Nxd7 Kxd7 30. Kd2 Bb5 31. Bd3 Bxd3 32. Rxd3+ Kc6 33. Kc3 Rc7
34. Kc4 Rb7 35. Rd2 Rb4+ 36. Kc3 e5 37. Rd5 f6 38. Rd8 Rd4 39. Rc8+ Kb6 40.
Rb8+ Kc7 41. Ra8 Kb7 42. Re8 Rd7 43. Kc4 Rc7 44. Rd8 Kc6 45. Rd5 Kb6 46. Rd6+
Ka5 47. b3 a6 48. a3 Rb7 49. Rc6 Rb6 50. Rxc5+ Rb5 51. Rc6 Rb7 52. b4+ 1-0

[Event "Balaguer op"]
[Site "?"]
[Date "2012.06.21"]
[Round "6"]
[White "Cori Tello, D."]
[Black "Martinez Duany, LS."]
[Result "1-0"]
[WhiteElo "2386"]
[BlackElo "2474"]
[PlyCount "101"]
[EventDate "2012.??.??"]
[EventType "swiss"]
[EventRounds "9"]

1. d4 Nf6 2. Nf3 g6 3. c4 Bg7 4. g3 O-O 5. Bg2 d6 6. O-O Nbd7 7. Nc3 e5 8. h3
a5 9. dxe5 dxe5 10. Bg5 h6 11. Be3 c6 12. Qb3 Qe7 13. Rad1 Re8 14. Nd2 Nc5 15.
Qa3 Bf8 16. Bxc5 Qxc5 17. Nce4 Nxe4 18. Nxe4 Qe7 19. Qc3 Bg7 20. Qb3 Qb4 21.
Rd2 Be6 22. Rfd1 Qxb3 23. axb3 a4 24. Nd6 Reb8 25. Nxb7 Rxb7 26. Bxc6 Raa7 27.
Bxb7 Rxb7 28. bxa4 Bxc4 29. Rc1 Rb4 30. a5 Ra4 31. Rd8+ Kh7 32. e4 h5 33. Rb8
Bd3 34. Rb7 Bxe4 35. Rxf7 Rxa5 36. f3 Bd5 37. Rd7 Kh6 38. b4 Rb5 39. Rcc7 Bf6
40. h4 Bg8 41. Rc6 Bg7 42. Rcc7 Bf6 43. Rd6 Bg7 44. Rd8 Be6 45. Re8 e4 46. Rxe6
Be5 47. Rcc6 exf3 48. Kf2 Bd4+ 49. Kxf3 Rxb4 50. Rxg6+ Kh7 51. Rg5 1-0

[Event "Balaguer op"]
[Site "?"]
[Date "2012.06.21"]
[Round "6"]
[White "Cosialls Baz, D."]
[Black "Vera Balague, G."]
[Result "0-1"]
[WhiteElo "1643"]
[BlackElo "2031"]
[PlyCount "52"]
[EventDate "2012.??.??"]
[EventType "swiss"]
[EventRounds "9"]

1. e4 Nf6 2. Nc3 d5 3. exd5 Nxd5 4. d4 c6 5. Nf3 Bg4 6. Be2 e6 7. a3 Be7 8. h3
Bh5 9. O-O O-O 10. Ne5 Bxe2 11. Nxe2 Nd7 12. Nd3 Bf6 13. c3 Re8 14. Qb3 Qb6 15.
Qxb6 axb6 16. c4 Ne7 17. Be3 Nf5 18. Ra2 Rad8 19. Rd1 Nb8 20. Ne1 c5 21. Nc2
cxd4 22. Nexd4 Nxe3 23. fxe3 e5 24. Raa1 exd4 25. exd4 Nc6 26. d5 Na5 0-1

[Event "Balaguer op"]
[Site "?"]
[Date "2012.06.21"]
[Round "6"]
[White "Gensana Berzunces, J."]
[Black "Fumas Fontova, E."]
[Result "0-1"]
[WhiteElo "2001"]
[BlackElo "1707"]
[PlyCount "106"]
[EventDate "2012.??.??"]
[EventType "swiss"]
[EventRounds "9"]

1. e4 e6 2. d4 d5 3. Bd3 dxe4 4. Bxe4 Nf6 5. Bf3 c5 6. Ne2 cxd4 7. Qxd4 Qxd4 8.
Nxd4 Bc5 9. Nb3 Bb6 10. Nc3 O-O 11. Bf4 e5 12. Bg5 e4 13. Be2 Nbd7 14. Na4 Bd8
15. O-O-O Ne5 16. h3 Bf5 17. Nd4 Bg6 18. Bf4 Bc7 19. Bg5 Ned7 20. h4 h6 21. Be3
Rac8 22. h5 Bh7 23. Nb5 Bb8 24. Nac3 b6 25. Nd6 Bxd6 26. Rxd6 Ne5 27. Nd5 Nxd5
28. Rxd5 Nc4 29. Bf4 e3 30. fxe3 Nxb2 31. Rd2 Nc4 32. Rd4 Na3 33. c4 Nc2 34.
Rd2 Na3 35. Rd4 Nb5 36. Rd7 Nc3 37. Kd2 Nxe2 38. Kxe2 Rxc4 39. Rxa7 Re8 40. Bc7
Rc2+ 41. Kf3 Be4+ 42. Kg3 Rxg2+ 43. Kh4 Rxa2 44. Rxa2 Bxh1 45. Bf4 Bd5 46. Rd2
Bc4 47. Rd6 b5 48. Rb6 Rd8 49. Be5 Rd1 50. Kh3 Rf1 51. Bf4 Be2 52. Kg2 Rb1 53.
Rb8+ Kh7 0-1

[Event "Balaguer op"]
[Site "?"]
[Date "2012.06.21"]
[Round "6"]
[White "Gomez Ledo, RC."]
[Black "Burmakin, V."]
[Result "1/2-1/2"]
[WhiteElo "2428"]
[BlackElo "2590"]
[PlyCount "56"]
[EventDate "2012.??.??"]
[EventType "swiss"]
[EventRounds "9"]

1. d4 Nf6 2. c4 c6 3. Nc3 d5 4. Nf3 a6 5. cxd5 cxd5 6. Bf4 e6 7. Rc1 Nc6 8. e3
Bd6 9. Bxd6 Qxd6 10. Bd3 O-O 11. O-O Bd7 12. h3 b5 13. a3 Na5 14. Ne5 Nc4 15.
Bxc4 dxc4 16. b3 cxb3 17. Qxb3 Rfc8 18. Qb4 Qxb4 19. axb4 Be8 20. f3 Kf8 21. e4
a5 22. bxa5 Rxa5 23. Ne2 Rca8 24. Rb1 Ra2 25. Rf2 R2a3 26. Rff1 Ra2 27. Rf2
R2a3 28. Rff1 Ra2 1/2-1/2

[Event "Balaguer op"]
[Site "?"]
[Date "2012.06.21"]
[Round "6"]
[White "Gutierrez Martos, FE."]
[Black "Campos Moreno, J."]
[Result "0-1"]
[WhiteElo "2038"]
[BlackElo "2488"]
[PlyCount "108"]
[EventDate "2012.??.??"]
[EventType "swiss"]
[EventRounds "9"]

1. c4 e5 2. g3 Nf6 3. Bg2 d5 4. cxd5 Nxd5 5. Nc3 Nb6 6. Nf3 Nc6 7. O-O Be7 8.
a4 a5 9. d3 O-O 10. Be3 Bg4 11. h3 Be6 12. Bxb6 cxb6 13. Nb5 Qd7 14. Kh2 Rfd8
15. Qc1 f6 16. Nd2 Rac8 17. Nc4 Bc5 18. b3 Nd4 19. Nxd4 Bxd4 20. Ra2 b5 21.
axb5 Qxb5 22. Qa3 b6 23. Rc2 Qd7 24. Qc1 Qa7 25. Na3 Qe7 26. Nb5 Bc5 27. Qb2
Qf7 28. Rcc1 Qd7 29. Na3 b5 30. Nb1 Qa7 31. Kg1 Bd4 32. Qd2 Rxc1 33. Qxc1 Rc8
34. Qd2 Bxb3 35. e3 Bb6 36. Qb2 a4 37. Na3 Qd7 38. Rc1 Bc5 39. d4 exd4 40. exd4
Bxa3 41. Rxc8+ Qxc8 42. Qxa3 Qf8 43. Qc1 Bc4 44. Bf1 Bxf1 45. Kxf1 Qa8 46. Qa3
Qh1+ 47. Ke2 Qe4+ 48. Kf1 Qxd4 49. Qe7 Qd3+ 50. Kg2 h6 51. h4 a3 52. Kh2 Kh7
53. Qe6 b4 54. h5 b3 0-1

[Event "Balaguer op"]
[Site "?"]
[Date "2012.06.21"]
[Round "6"]
[White "Ivanov, Jo"]
[Black "Janev, E."]
[Result "1/2-1/2"]
[WhiteElo "2367"]
[BlackElo "2453"]
[PlyCount "39"]
[EventDate "2012.??.??"]
[EventType "swiss"]
[EventRounds "9"]

1. d4 d6 2. c4 e5 3. dxe5 dxe5 4. Qxd8+ Kxd8 5. Nc3 c6 6. Nf3 f6 7. Bd2 Be6 8.
e3 Nd7 9. Ne4 a5 10. O-O-O Kc7 11. Bd3 Nc5 12. Nxc5 Bxc5 13. Bc3 Bb4 14. Kc2
Ne7 15. Rd2 Bf5 16. Bxf5 Nxf5 17. Rhd1 Rhd8 18. Rxd8 Rxd8 19. Rxd8 Kxd8 20. e4
1/2-1/2

[Event "Balaguer op"]
[Site "?"]
[Date "2012.06.21"]
[Round "6"]
[White "Kovacevic, S."]
[Black "Ruiz Sanchez, O."]
[Result "1/2-1/2"]
[WhiteElo "2310"]
[BlackElo "2416"]
[PlyCount "116"]
[EventDate "2012.??.??"]
[EventType "swiss"]
[EventRounds "9"]

1. d4 Nf6 2. Nf3 e6 3. Bf4 c5 4. e3 b6 5. Nbd2 cxd4 6. exd4 Bb7 7. Bd3 Be7 8.
c3 O-O 9. O-O Nd5 10. Bg3 f5 11. h3 g5 12. Qe2 Bf6 13. Nc4 f4 14. Bh2 Qe7 15.
Rfe1 Nc6 16. Rad1 Rae8 17. a4 Bg7 18. Nfd2 Nf6 19. Ne5 Nb8 20. Ndf3 d6 21. Nxg5
dxe5 22. dxe5 f3 23. Qc2 Nd5 24. Bxh7+ Kh8 25. Qg6 Qxg5 26. Qxg5 Kxh7 27. Re4
fxg2 28. Rdd4 Ne7 29. Rg4 Rf7 30. Rdf4 Nf5 31. Qg6+ Kg8 32. f3 Nc6 33. Rxf5
exf5 34. e6 Rxe6 35. Qxe6 fxg4 36. hxg4 Nd8 37. Qd6 Rf8 38. Kxg2 Bxf3+ 39. Kh3
Bb7 40. Bf4 Bc8 41. Kg3 Ne6 42. Be3 Rd8 43. Qb8 Rf8 44. Qxa7 Be5+ 45. Kg2 Bc7
46. Bxb6 Nf4+ 47. Kh2 Bd6 48. Bc5 Rf7 49. Qxf7+ Kxf7 50. Bxd6 Nd3 51. b4 Bxg4
52. a5 Ke6 53. Kg3 Bf5 54. Bf8 Ne5 55. Bg7 Bd3 56. Bxe5 Kxe5 57. Kf3 Kd5 58.
Ke3 Bb5 1/2-1/2

[Event "Balaguer op"]
[Site "?"]
[Date "2012.06.21"]
[Round "6"]
[White "Llacuna Cufi, S."]
[Black "Barbero Sendic, A."]
[Result "0-1"]
[WhiteElo "1986"]
[BlackElo "2370"]
[PlyCount "88"]
[EventDate "2012.??.??"]
[EventType "swiss"]
[EventRounds "9"]

1. d4 Nf6 2. c4 g6 3. Nc3 Bg7 4. Nf3 O-O 5. Rb1 d5 6. cxd5 Nxd5 7. e4 Nxc3 8.
bxc3 c5 9. Be2 b6 10. O-O Qc7 11. Be3 Rd8 12. Qc1 Nd7 13. d5 Nf6 14. Bf4 Qb7
15. Nd2 Ng4 16. h3 Ne5 17. Be3 Qc7 18. f4 Bh6 19. g4 Bb7 20. g5 Bxg5 21. fxg5
Nd3 22. Bxd3 Qg3+ 23. Kh1 Qxh3+ 24. Kg1 Qxe3+ 25. Kh1 Qh3+ 26. Kg1 Qxd3 27. Rf3
Qe2 28. c4 Bxd5 29. cxd5 e6 30. Rbb3 exd5 31. Rbe3 Qb5 32. exd5 Rxd5 33. Ne4
Rd4 34. Nf6+ Kg7 35. Qe1 Qa4 36. Rf1 Rf4 37. Rxf4 Qxf4 38. Ne4 Rd8 39. Rg3 Rd4
40. Nf6 Rd1 41. Qxd1 Qxg3+ 42. Kf1 Qf4+ 43. Ke1 Qxg5 44. Ne4 Qe3+ 0-1

[Event "Balaguer op"]
[Site "?"]
[Date "2012.06.21"]
[Round "6"]
[White "Marti Trilla, A."]
[Black "Puig Carres, J."]
[Result "0-1"]
[WhiteElo "1378"]
[BlackElo "1843"]
[PlyCount "74"]
[EventDate "2012.??.??"]
[EventType "swiss"]
[EventRounds "9"]

1. e4 e6 2. d4 d5 3. e5 c5 4. Nf3 Qb6 5. a4 Nc6 6. Bb5 Bd7 7. Bxc6 Bxc6 8. O-O
cxd4 9. Nxd4 Ne7 10. a5 Qc7 11. f4 Ng6 12. c3 Bc5 13. b4 Bxd4+ 14. Qxd4 O-O 15.
Nd2 Ne7 16. g4 b6 17. Nf3 Bb5 18. Re1 Nc6 19. Qf2 bxa5 20. bxa5 Nxa5 21. Nd4
Bd3 22. Ba3 Rfc8 23. Bb4 Nc6 24. Nxc6 Qxc6 25. Rxa7 Rxa7 26. Qxa7 h6 27. Qd4
Be4 28. h4 Qa4 29. Qd1 Qa7+ 30. Kf1 Qa2 31. Qe2 Qb3 32. Rd1 Ra8 33. Rd2 Ra1+
34. Kf2 Qb1 35. Kg3 Qg1+ 36. Kh3 Rf1 37. Bc5 Qh1+ 0-1

[Event "Balaguer op"]
[Site "?"]
[Date "2012.06.21"]
[Round "6"]
[White "Martinez Lopez, I."]
[Black "Parramon Guillaumet, J."]
[Result "1-0"]
[WhiteElo "2302"]
[BlackElo "1873"]
[PlyCount "41"]
[EventDate "2012.??.??"]
[EventType "swiss"]
[EventRounds "9"]

1. c4 Nf6 2. g3 c6 3. Bg2 d5 4. Nf3 dxc4 5. O-O Nbd7 6. a4 a5 7. Na3 Nb6 8. Qc2
Be6 9. Ng5 Qc8 10. e4 h6 11. Nxe6 Qxe6 12. d4 cxd3 13. Qxd3 Rd8 14. Qc2 Qd6 15.
Be3 Qc7 16. Nb5 Qb8 17. Bxb6 cxb5 18. Bxd8 Qxd8 19. Rfd1 Nd7 20. axb5 b6 21. e5
1-0